<?xml version="1.0" encoding="UTF-8"?>
<collection xmlns="http://www.loc.gov/MARC21/slim">
 <record>
  <leader>01952cam a2200409  a4500</leader>
  <controlfield tag="001">1079245359</controlfield>
  <controlfield tag="003">DE-627</controlfield>
  <controlfield tag="005">20221223113407.0</controlfield>
  <controlfield tag="007">tu</controlfield>
  <controlfield tag="008">850101m19839999xx |||||      00| ||ger c</controlfield>
  <datafield tag="020" ind1=" " ind2=" ">
   <subfield code="a">320506271X</subfield>
   <subfield code="9">3-205-06271-X</subfield>
  </datafield>
  <datafield tag="035" ind1=" " ind2=" ">
   <subfield code="a">(DE-627)1079245359</subfield>
  </datafield>
  <datafield tag="035" ind1=" " ind2=" ">
   <subfield code="a">(DE-576)009245359</subfield>
  </datafield>
  <datafield tag="035" ind1=" " ind2=" ">
   <subfield code="a">(DE-599)BSZ009245359</subfield>
  </datafield>
  <datafield tag="035" ind1=" " ind2=" ">
   <subfield code="a">(DE-604)8002909146</subfield>
  </datafield>
  <datafield tag="040" ind1=" " ind2=" ">
   <subfield code="a">DE-627</subfield>
   <subfield code="b">ger</subfield>
   <subfield code="c">DE-627</subfield>
   <subfield code="e">rakwb</subfield>
  </datafield>
  <datafield tag="041" ind1=" " ind2=" ">
   <subfield code="a">ger</subfield>
  </datafield>
  <datafield tag="245" ind1="1" ind2="0">
   <subfield code="a">Fürst Karl I.  von Liechtenstein, Hofstaat und Sammeltätigkeit</subfield>
   <subfield code="b">Obersthofmeister Kaiser Rudolfs II. u. Vizekönig von Böhmen; Edition d. Quellen aus d. liechtenstein. Hausarchiv</subfield>
   <subfield code="c">Herbert Haupt</subfield>
  </datafield>
  <datafield tag="246" ind1="1" ind2=" ">
   <subfield code="i">Ansetzungssachtitel</subfield>
   <subfield code="a">Fürst Karl  der Erste von Liechtenstein, Hofstaat und Sammeltätigkeit</subfield>
  </datafield>
  <datafield tag="264" ind1=" " ind2="1">
   <subfield code="a">Wien [u.a.]</subfield>
   <subfield code="b">Böhlau</subfield>
   <subfield code="c">1983-</subfield>
  </datafield>
  <datafield tag="336" ind1=" " ind2=" ">
   <subfield code="a">Text</subfield>
   <subfield code="b">txt</subfield>
   <subfield code="2">rdacontent</subfield>
  </datafield>
  <datafield tag="337" ind1=" " ind2=" ">
   <subfield code="a">ohne Hilfsmittel zu benutzen</subfield>
   <subfield code="b">n</subfield>
   <subfield code="2">rdamedia</subfield>
  </datafield>
  <datafield tag="338" ind1=" " ind2=" ">
   <subfield code="a">Band</subfield>
   <subfield code="b">nc</subfield>
   <subfield code="2">rdacarrier</subfield>
  </datafield>
  <datafield tag="490" ind1="0" ind2=" ">
   <subfield code="a">Quellen und Studien zur Geschichte des Fürstenhauses Liechtenstein</subfield>
   <subfield code="v">1</subfield>
  </datafield>
  <datafield tag="655" ind1=" " ind2="7">
   <subfield code="a">Quelle</subfield>
   <subfield code="0">(DE-588)4135952-5</subfield>
   <subfield code="0">(DE-627)105661236</subfield>
   <subfield code="0">(DE-576)209665084</subfield>
   <subfield code="2">gnd-content</subfield>
  </datafield>
  <datafield tag="689" ind1="0" ind2="0">
   <subfield code="d">p</subfield>
   <subfield code="0">(DE-588)118720899</subfield>
   <subfield code="0">(DE-627)079502512</subfield>
   <subfield code="0">(DE-576)209336404</subfield>
   <subfield code="a">Karl</subfield>
   <subfield code="b">I.</subfield>
   <subfield code="c">Liechtenstein, Fürst</subfield>
   <subfield code="d">1569-1627</subfield>
   <subfield code="2">gnd</subfield>
  </datafield>
  <datafield tag="689" ind1="0" ind2="1">
   <subfield code="d">s</subfield>
   <subfield code="0">(DE-588)4128844-0</subfield>
   <subfield code="0">(DE-627)105714259</subfield>
   <subfield code="0">(DE-576)209605545</subfield>
   <subfield code="a">Sammlung</subfield>
   <subfield code="2">gnd</subfield>
  </datafield>
  <datafield tag="689" ind1="0" ind2="2">
   <subfield code="a">z</subfield>
   <subfield code="2">gnd</subfield>
   <subfield code="a">Geschichte</subfield>
  </datafield>
  <datafield tag="689" ind1="0" ind2=" ">
   <subfield code="5">(DE-627)</subfield>
  </datafield>
  <datafield tag="700" ind1="1" ind2=" ">
   <subfield code="a">Haupt, Herbert</subfield>
   <subfield code="d">1947-</subfield>
   <subfield code="e">Hrsg.</subfield>
   <subfield code="0">(DE-588)121286118</subfield>
   <subfield code="0">(DE-627)08120437X</subfield>
   <subfield code="0">(DE-576)29262753X</subfield>
   <subfield code="4">edt</subfield>
  </datafield>
  <datafield tag="787" ind1="0" ind2="8">
   <subfield code="i">Rezensiert in</subfield>
   <subfield code="a">Lietzmann, Hilda, 1925 - 2008</subfield>
   <subfield code="t">[Rezension von: Herbert Haupt, Fürst Karl I. von Liechtenstein, Obersthofmeister Kaiser Rudolfs II. und Vizekönig von Böhmen, Hofstaat und Sammeltätigkeit]</subfield>
   <subfield code="d">Nürnberg : Carl, 1986</subfield>
   <subfield code="w">(DE-627)169327101X</subfield>
  </datafield>
  <datafield tag="951" ind1=" " ind2=" ">
   <subfield code="a">MC</subfield>
  </datafield>
  <datafield tag="990" ind1=" " ind2=" ">
   <subfield code="a">Karl &lt;I., Liechtenstein, Fürst&gt; </subfield>
  </datafield>
  <datafield tag="990" ind1=" " ind2=" ">
   <subfield code="a">Sammlung</subfield>
  </datafield>
  <datafield tag="990" ind1=" " ind2=" ">
   <subfield code="a">Geschichte</subfield>
  </datafield>
  <datafield tag="991" ind1=" " ind2=" ">
   <subfield code="a">Rezensiertes Werk</subfield>
  </datafield>
  <datafield tag="999" ind1=" " ind2=" ">
   <subfield code="a">KXP-PPN1079245359</subfield>
   <subfield code="e">4012554506</subfield>
  </datafield>
 </record>
</collection>
